NATO or Warsaw Pact? - Statistics

General Stats
  • This quiz has been taken 243 times
    45 since last reset
  • The average score is 12 of 20
Answer Stats
Question Answer % Correct
Norway was a member NATO
90%
Was located in three continents (Not counting overseas territories) NATO
85%
Was created to counter the other organisation Warsaw Pact
85%
Had a compass rose on its flag/symbol NATO
75%
Yugoslavia was a member None
73%
Its headquarters was in Athens None
70%
Was founded in 1949 NATO
68%
Had a member which permanently left Warsaw Pact
68%
Was also known as the "Treaty of Friendship, Cooperation and Mutual Assistance" Warsaw Pact
68%
Bordered Lake Balaton Warsaw Pact
68%
Bordered the Rhine river NATO
65%
Had more tanks in Europe (As of 1989) Warsaw Pact
60%
Is associated with the CSTO (Collective Security Treaty Organisation) Warsaw Pact
58%
If one or more members of this organisation get invaded, the rest defend the invaded member or members Both
55%
Had a larger land area (Greenland doesn't count) Warsaw Pact
55%
The Soviet Union (USSR) requested to join this organisation NATO
48%
Had a member which doesn't exist currently Warsaw Pact
45%
Had territory in the Caucasian region Both
28%
Owned Checkpoint Charlie Both
23%
Had observer states (Definition: A country in a organisation which has applied but hasn't became a full member yet.) Warsaw Pact
20%
No matching quizzes found
Score Distribution
Percent of People with Each Score
Percentile by Number Answered
Your Score History
You have not taken this quiz since the last reset